[Event "Mindsports Masters IM B 2nd"]
[Site "London"]
[Date "2023.02.18"]
[Round "6.3"]
[White "Gourlay, Iain"]
[Black "Vardaan, Nagpal"]
[Result "1/2-1/2"]
[WhiteElo "2295"]
[BlackElo "2331"]
[PlyCount "73"]
[EventDate "2023.02.15"]
[EventType "tourn"]
[EventRounds "9"]
[EventCountry "ENG"]

1. e4 e5 2. Nf3 Nf6 3. d4 Nxe4 4. Bd3 d5 5. Nxe5 Nd7 6. Nxd7 Bxd7 7. O-O Bd6 8.
Nc3 Nxc3 9. bxc3 O-O 10. Qh5 f5 11. Re1 Qf6 12. Qf3 c6 13. Bf4 Rae8 14. Qg3
Bxf4 15. Qxf4 Qf7 16. Rab1 Rxe1+ 17. Rxe1 Re8 18. Rxe8+ Qxe8 19. Qc7 Qc8 20.
Qa5 a6 21. c4 Be6 22. cxd5 Bxd5 23. c4 Be6 24. d5 cxd5 25. cxd5 Bd7 26. a4 g6
27. d6 Kf7 28. Qe5 Be6 29. h4 h5 30. a5 Qc6 31. Be2 Qc1+ 32. Kh2 Qe1 33. Qh8
Qxf2 34. Qh7+ Kf6 35. Qh8+ Kf7 36. Qh7+ Kf6 37. Qh8+ 1/2-1/2

[Event "Mindsports Masters IM B 2nd"]
[Site "London"]
[Date "2023.02.18"]
[Round "6.4"]
[White "Lalic, Peter D"]
[Black "Hill, Alistair"]
[Result "0-1"]
[WhiteElo "2195"]
[BlackElo "2173"]
[PlyCount "112"]
[EventDate "2023.02.15"]
[EventType "tourn"]
[EventRounds "9"]
[EventCountry "ENG"]

1. Nc3 d5 2. d4 Nf6 3. Bf4 Bf5 4. e3 e6 5. Nf3 a6 6. Ne5 h6 7. g4 Bh7 8. Bd3
Bxd3 9. Qxd3 Nbd7 10. O-O-O Nxe5 11. dxe5 Nd7 12. e4 c6 13. Kb1 b5 14. f3 Nb6
15. Bc1 h5 16. h3 Qc7 17. f4 O-O-O 18. Qf3 hxg4 19. hxg4 Rxh1 20. Qxh1 d4 21.
Ne2 c5 22. f5 a5 23. Bg5 Re8 24. c3 dxc3 25. Nxc3 Qxe5 26. Nxb5 Na4 27. Qg2 f6
28. Na7+ Kc7 29. Nb5+ Kb6 30. Na3 Qxb2+ 31. Qxb2+ Nxb2 32. Kxb2 fxg5 33. Re1
Kc6 34. Nc4 Bd6 35. fxe6 Rxe6 36. Kc3 Bc7 37. Kd3 Rh6 38. Ne3 Rh3 39. Kc4 Rg3
40. a4 Be5 41. Nd5 Rxg4 42. Ne7+ Kd7 43. Kd5 Bg3 44. Nc6 Bxe1 45. Ne5+ Ke7 46.
Nxg4 Bb4 47. Kc4 Ke6 48. Kd3 Ba3 49. Kc4 Bb4 50. Kd3 Kf7 51. Kc4 Kg6 52. Ne3 g4
53. Nxg4 Kg5 54. e5 Kf5 55. Kd5 Kxg4 56. e6 c4 0-1

[Event "Mindsports Masters IM B 2nd"]
[Site "London"]
[Date "2023.02.18"]
[Round "6.5"]
[White "Browning, Alex"]
[Black "Large, Peter G"]
[Result "1/2-1/2"]
[WhiteElo "2313"]
[BlackElo "2251"]
[PlyCount "29"]
[EventDate "2023.02.15"]
[EventType "tourn"]
[EventRounds "9"]
[EventCountry "ENG"]

1. Nf3 Nf6 2. g3 b6 3. Bg2 Bb7 4. O-O c5 5. c4 e6 6. Nc3 a6 7. Re1 d6 8. e4 Qc7
9. b3 Nbd7 10. Bb2 Be7 11. d4 cxd4 12. Nxd4 O-O 13. Rc1 Rac8 14. Qc2 Rfe8 15.
h3 1/2-1/2

[Event "Mindsports Masters IM B 2nd"]
[Site "London"]
[Date "2023.02.18"]
[Round "7.1"]
[White "Large, Peter G"]
[Black "Durak, Can"]
[Result "0-1"]
[WhiteElo "2251"]
[BlackElo "2350"]
[PlyCount "94"]
[EventDate "2023.02.15"]
[EventType "tourn"]
[EventRounds "9"]
[EventCountry "ENG"]

1. Nf3 d5 2. b3 Nf6 3. Bb2 e6 4. g3 Be7 5. Bg2 O-O 6. O-O c5 7. c4 b6 8. cxd5
Nxd5 9. Nc3 Bb7 10. Nxd5 Bxd5 11. Qc2 Nd7 12. Rfd1 Rc8 13. Rac1 Nf6 14. Ng5 h6
15. Bxd5 exd5 16. Nf3 Re8 17. Qf5 Qd7 18. Qxd7 Nxd7 19. e3 b5 20. d3 Nb6 21.
Rc2 a5 22. Rdc1 Bf8 23. Kf1 a4 24. b4 cxb4 25. Nd4 b3 26. axb3 a3 27. Ba1 b4
28. Ke2 Rxc2+ 29. Rxc2 Nd7 30. Nf3 Nc5 31. Nd2 f6 32. Bd4 Ne6 33. Nf3 Ra8 34.
Ba1 Nc5 35. Nd2 Kf7 36. f3 Rd8 37. d4 Ne6 38. Kd3 h5 39. e4 h4 40. Nf1 hxg3 41.
hxg3 dxe4+ 42. fxe4 Nc5+ 43. Rxc5 Bxc5 44. Ne3 Be7 45. d5 Rh8 46. e5 fxe5 47.
Bxe5 Bf6 0-1

[Event "Mindsports Masters IM B 2nd"]
[Site "London"]
[Date "2023.02.18"]
[Round "7.2"]
[White "Hill, Alistair"]
[Black "Browning, Alex"]
[Result "0-1"]
[WhiteElo "2173"]
[BlackElo "2313"]
[PlyCount "82"]
[EventDate "2023.02.15"]
[EventType "tourn"]
[EventRounds "9"]
[EventCountry "ENG"]

1. d4 Nf6 2. c4 g6 3. Nc3 Bg7 4. e4 d6 5. f3 O-O 6. Nge2 a6 7. Be3 Nbd7 8. Qd2
b5 9. Nc1 c6 10. b3 bxc4 11. bxc4 c5 12. d5 Rb8 13. Bd3 Ne5 14. Rb1 Bd7 15.
Rxb8 Qxb8 16. Nd1 Nh5 17. O-O f5 18. exf5 Nxd3 19. Nxd3 Bxf5 20. N1f2 Nf6 21.
Re1 Re8 22. g4 Bd7 23. Nf4 Rf8 24. Kg2 Qe8 25. N2h3 h6 26. Bf2 g5 27. Ne6 Bxe6
28. Rxe6 Nd7 29. Bg3 Qf7 30. Qe3 Bf6 31. Nf2 Rb8 32. Ne4 Bd4 33. Qe1 Rb2+ 34.
Nf2 Ne5 35. Qe4 Kg7 36. Kf1 Nxf3 37. Qf5 Qxf5 38. gxf5 Nxh2+ 39. Ke1 Nf3+ 40.
Kf1 Bf6 41. Ne4 Nd2+ 0-1

[Event "Mindsports Masters IM B 2nd"]
[Site "London"]
[Date "2023.02.18"]
[Round "7.3"]
[White "Vardaan, Nagpal"]
[Black "Lalic, Peter D"]
[Result "1-0"]
[WhiteElo "2331"]
[BlackElo "2195"]
[PlyCount "103"]
[EventDate "2023.02.15"]
[EventType "tourn"]
[EventRounds "9"]
[EventCountry "ENG"]

1. Nf3 Nc6 2. d4 d5 3. Bf4 Bf5 4. e3 e6 5. a3 Bd6 6. Bxd6 cxd6 7. c4 dxc4 8.
Bxc4 Nge7 9. Nc3 d5 10. Be2 Bg4 11. O-O Bxf3 12. Bxf3 O-O 13. Rc1 Rc8 14. Na4
Nf5 15. Nc5 b6 16. Nb3 Nd6 17. Be2 Nb8 18. Bd3 Qd7 19. Nd2 Rxc1 20. Qxc1 Rc8
21. Qb1 f5 22. Rc1 Kf8 23. h3 Ke7 24. Rxc8 Qxc8 25. Qd1 Nd7 26. g4 Nf6 27. gxf5
exf5 28. Kg2 Nde4 29. Nf3 Qc7 30. Ne5 g6 31. Qa4 a5 32. Bxe4 Nxe4 33. Qb3 Ke6
34. Nd3 g5 35. Ne5 Nd6 36. Qd1 Nf7 37. Nxf7 Qxf7 38. Qb3 Qb7 39. Qb5 Kf7 40.
Kf3 h5 41. Kg2 g4 42. h4 Kf6 43. b4 axb4 44. Qxb4 Qe7 45. Kg3 Kf7 46. Qxe7+
Kxe7 47. Kf4 Kd6 48. Kxf5 b5 49. Kf6 Kc6 50. Ke6 Kb6 51. Kxd5 Ka5 52. Kc5 1-0

[Event "Mindsports Masters IM B 2nd"]
[Site "London"]
[Date "2023.02.18"]
[Round "7.4"]
[White "Oragwu, Chukwunonso"]
[Black "Gourlay, Iain"]
[Result "0-1"]
[WhiteElo "2195"]
[BlackElo "2295"]
[PlyCount "60"]
[EventDate "2023.02.15"]
[EventType "tourn"]
[EventRounds "9"]
[EventCountry "ENG"]

1. Nf3 d5 2. e3 Nf6 3. b3 c5 4. Bb2 g6 5. c4 dxc4 6. Bxc4 Bg7 7. O-O O-O 8. Nc3
Nc6 9. h3 b6 10. a3 Bb7 11. Qc2 Rc8 12. Be2 Nd4 13. exd4 cxd4 14. Qb1 dxc3 15.
dxc3 Nd5 16. c4 Nf4 17. Bd1 e5 18. Kh2 Nxg2 19. Kxg2 Qg5+ 20. Kh1 Qf4 21. Kg2
e4 22. Ng1 Rc5 23. Bxg7 e3+ 24. f3 Rg5+ 25. Kh1 e2 26. Bxe2 Qg3 27. Rf2 Qxf2
28. Qf1 Rxg1+ 29. Qxg1 Qxe2 30. Qf1 Qxf3+ 0-1

[Event "Mindsports Masters IM B 2nd"]
[Site "London"]
[Date "2023.02.18"]
[Round "7.5"]
[White "Buckley, Graeme N"]
[Black "Li, Vladimir"]
[Result "0-1"]
[WhiteElo "2344"]
[BlackElo "2288"]
[PlyCount "72"]
[EventDate "2023.02.15"]
[EventType "tourn"]
[EventRounds "9"]
[EventCountry "ENG"]

1. e4 c5 2. Nf3 g6 3. c3 d5 4. exd5 Qxd5 5. d4 Bg7 6. Na3 cxd4 7. Nb5 Na6 8.
Be3 Nf6 9. Bxd4 O-O 10. Be2 Bg4 11. a4 Rad8 12. h3 e5 13. Be3 Qe6 14. Qc1 Bxf3
15. Bxf3 e4 16. Be2 Qe7 17. O-O Nc5 18. Qc2 a6 19. Na3 Rfe8 20. Bd4 Nd5 21.
Bxg7 Kxg7 22. Rfe1 Nf4 23. Bf1 Nxh3+ 24. gxh3 Qg5+ 25. Bg2 Rd2 26. Qc1 Nd3 27.
Qxd2 Qxd2 28. Rf1 Qg5 29. Nc4 Nf4 30. Ne3 Nxh3+ 31. Kh2 Qf4+ 32. Kxh3 Re5 33.
Bxe4 Rh5+ 34. Kg2 Rg5+ 35. Kh3 Qxe4 36. Rg1 Qf3+ 0-1

[Event "Mindsports Masters IM B 2nd"]
[Site "London"]
[Date "2023.02.19"]
[Round "8.1"]
[White "Durak, Can"]
[Black "Li, Vladimir"]
[Result "1/2-1/2"]
[WhiteElo "2350"]
[BlackElo "2288"]
[PlyCount "52"]
[EventDate "2023.02.15"]
[EventType "tourn"]
[EventRounds "9"]
[EventCountry "ENG"]

1. d4 d5 2. c4 e6 3. Nf3 c6 4. Qc2 dxc4 5. Qxc4 Nf6 6. g3 b5 7. Qc2 Bb7 8. Bg2
Nbd7 9. O-O c5 10. Rd1 Rc8 11. Bg5 Qb6 12. Bxf6 Nxf6 13. Nc3 c4 14. a3 Be7 15.
e4 O-O 16. d5 Bc5 17. h3 Rfd8 18. Ng5 e5 19. Nf3 Nh5 20. Kf1 Bd4 21. Qd2 Bxc3
22. bxc3 f5 23. exf5 Bxd5 24. Qg5 Nf6 25. Re1 Bxf3 26. Bxf3 Rd3 1/2-1/2

[Event "Mindsports Masters IM B 2nd"]
[Site "London"]
[Date "2023.02.19"]
[Round "8.2"]
[White "Gourlay, Iain"]
[Black "Buckley, Graeme N"]
[Result "0-1"]
[WhiteElo "2295"]
[BlackElo "2344"]
[PlyCount "171"]
[EventDate "2023.02.15"]
[EventType "tourn"]
[EventRounds "9"]
[EventCountry "ENG"]

1. e4 c5 2. Nf3 Nc6 3. Bb5 g6 4. O-O Bg7 5. Re1 e5 6. Bxc6 dxc6 7. d3 Qe7 8. a3
Nf6 9. b4 O-O 10. bxc5 Nd7 11. a4 Nxc5 12. Ba3 Be6 13. Nbd2 Rfd8 14. Rb1 b6 15.
a5 f6 16. Qc1 Bf8 17. Bb4 Qc7 18. Qa3 Bd6 19. Ra1 Rab8 20. Reb1 Kg7 21. h3 h5
22. Nh2 Kh7 23. Nhf1 Qe7 24. axb6 axb6 25. Ne3 b5 26. Nf3 Rb7 27. d4 exd4 28.
Nxd4 Bd7 29. Nb3 Nxe4 30. Bxd6 Nxd6 31. Rd1 Be8 32. Nc5 Rbb8 33. Qa7 Qxa7 34.
Rxa7+ Nf7 35. Rda1 Kg8 36. Re7 Ra8 37. Rxa8 Rxa8 38. Ne4 Kg7 39. Re6 Bd7 40.
Re7 Re8 41. Rxd7 Rxe4 42. Rc7 Re6 43. c4 bxc4 44. Nxc4 Kf8 45. Na5 Nd8 46. g4
hxg4 47. hxg4 g5 48. Kg2 Ke8 49. Kg3 Re5 50. Nc4 Rd5 51. Ne3 Rd7 52. Rc8 Ra7
53. Nc4 Kd7 54. Nb6+ Ke7 55. Kf3 Rb7 56. Nc4 Rb4 57. Rc7+ Ke6 58. Ne3 Rb7 59.
Rc8 Kd7 60. Ra8 Nf7 61. Kg3 Nd6 62. Rh8 Rb3 63. Rh7+ Kd8 64. Kg2 Rb4 65. f3 Rb3
66. Kf2 Rb2+ 67. Ke1 Rb7 68. Rh8+ Kd7 69. Ke2 Ke6 70. Kd3 Rb3+ 71. Ke2 Rb2+ 72.
Ke1 c5 73. Rd8 Rb3 74. Ke2 c4 75. Ra8 Rb2+ 76. Ke1 Ke5 77. Ra6 c3 78. Rc6 Kd4
79. Nd1 Nc4 80. Nxc3 Kxc3 81. Rxf6 Kd3 82. Rg6 Ke3 83. Kd1 Na3 84. Re6+ Kxf3
85. Ra6 Nc4 86. Rc6 0-1

[Event "Mindsports Masters IM B 2nd"]
[Site "London"]
[Date "2023.02.19"]
[Round "8.3"]
[White "Lalic, Peter D"]
[Black "Oragwu, Chukwunonso"]
[Result "1/2-1/2"]
[WhiteElo "2195"]
[BlackElo "2195"]
[PlyCount "86"]
[EventDate "2023.02.15"]
[EventType "tourn"]
[EventRounds "9"]
[EventCountry "ENG"]

1. Nc3 c5 2. e4 Nc6 3. f4 g6 4. Nf3 d6 5. Bb5 Bg7 6. O-O e6 7. e5 d5 8. d4 cxd4
9. Nxd4 Nge7 10. Nce2 a6 11. Bd3 Nb4 12. Be3 Bd7 13. Qd2 Nxd3 14. cxd3 O-O 15.
Rac1 f6 16. exf6 Rxf6 17. Qb4 Rb8 18. b3 Bf8 19. Qd2 Rc8 20. Rxc8 Bxc8 21. Rc1
Bd7 22. Kh1 Rf7 23. Ng1 Nf5 24. Ngf3 Bd6 25. g3 Qf6 26. Kg2 h6 27. Bf2 e5 28.
fxe5 Bxe5 29. Nxe5 Qxe5 30. Nf3 Qf6 31. g4 Ng7 32. Qe3 Bxg4 33. Ne5 Bh3+ 34.
Kxh3 Qxf2 35. Qxf2 Rxf2 36. Nxg6 Rf3+ 37. Kg4 Rxd3 38. Rc8+ Kh7 39. Nf8+ Kg8
40. Nd7+ Kh7 41. Nf8+ Kg8 42. Nd7+ Kh7 43. Nf8+ Kg8 1/2-1/2

[Event "Mindsports Masters IM B 2nd"]
[Site "London"]
[Date "2023.02.19"]
[Round "8.4"]
[White "Browning, Alex"]
[Black "Vardaan, Nagpal"]
[Result "1/2-1/2"]
[WhiteElo "2313"]
[BlackElo "2331"]
[PlyCount "45"]
[EventDate "2023.02.15"]
[EventType "tourn"]
[EventRounds "9"]
[EventCountry "ENG"]

1. e4 e5 2. Nf3 Nf6 3. Nxe5 d6 4. Nf3 Nxe4 5. Nc3 Nxc3 6. dxc3 Be7 7. Be3 O-O
8. Qd2 Nd7 9. O-O-O Nf6 10. Bd3 Re8 11. h3 c5 12. c4 b5 13. cxb5 a6 14. a3 Qb6
15. bxa6 Bxa6 16. Bf4 Bxd3 17. Qxd3 Reb8 18. Qb3 Qc6 19. Qe3 Rb7 20. Rhe1 d5
21. Be5 d4 22. Qd3 Qb6 23. Qb3 1/2-1/2

[Event "Mindsports Masters IM B 2nd"]
[Site "London"]
[Date "2023.02.19"]
[Round "8.5"]
[White "Large, Peter G"]
[Black "Hill, Alistair"]
[Result "0-1"]
[WhiteElo "2251"]
[BlackElo "2173"]
[PlyCount "122"]
[EventDate "2023.02.15"]
[EventType "tourn"]
[EventRounds "9"]
[EventCountry "ENG"]

1. e4 c6 2. d4 d5 3. Nc3 dxe4 4. Nxe4 Nf6 5. Nxf6+ exf6 6. Bc4 Bd6 7. Qe2+ Kf8
8. Qh5 Qc7 9. Ne2 Be6 10. Bb3 a5 11. O-O a4 12. Bxe6 fxe6 13. Re1 Qa5 14. Qxa5
Rxa5 15. Bd2 Ra6 16. c4 Kf7 17. c5 Bc7 18. Bf4 Bxf4 19. Nxf4 Re8 20. Re3 Nd7
21. Rae1 Nf8 22. h4 Ra5 23. Ne2 Rd8 24. Rc1 Rb5 25. b3 axb3 26. Rxb3 Rxb3 27.
axb3 Ra8 28. Nc3 f5 29. Nd1 Ra2 30. Ne3 Kf6 31. Nc4 Ng6 32. b4 Nf4 33. Rd1 Ra4
34. Rb1 Ne2+ 35. Kh2 Nxd4 36. Nd6 Nc2 37. Rc1 Nd4 38. Rc4 e5 39. Nxb7 Ke6 40.
Nd6 Kd5 41. h5 g6 42. hxg6 hxg6 43. Kh3 Nb5 44. Rc2 Rxb4 45. Nxb5 Rxb5 46. Kh4
Rb4+ 47. Kg5 Rg4+ 48. Kf6 Rxg2 49. Rd2+ Kxc5 50. Kxe5 Kb4 51. Rc2 c5 52. Kd5 g5
53. Rc4+ Kb3 54. f4 Rd2+ 55. Kxc5 g4 56. Rb4+ Kc2 57. Kc4 g3 58. Ra4 Kd1 59.
Kc3 Ke2 60. Ra8 Rd3+ 61. Kc4 Rd1 0-1

[Event "Mindsports Masters IM B 2nd"]
[Site "London"]
[Date "2023.02.19"]
[Round "9.1"]
[White "Hill, Alistair"]
[Black "Durak, Can"]
[Result "1/2-1/2"]
[WhiteElo "2173"]
[BlackElo "2350"]
[PlyCount "74"]
[EventDate "2023.02.15"]
[EventType "tourn"]
[EventRounds "9"]
[EventCountry "ENG"]

1. e4 c5 2. Nf3 Nc6 3. Bb5 e6 4. O-O Nge7 5. Re1 Nd4 6. Bf1 Nec6 7. c3 Nxf3+ 8.
Qxf3 Be7 9. Na3 O-O 10. Nc2 b6 11. d4 cxd4 12. cxd4 Bb7 13. Bd2 d6 14. Bc3 Rc8
15. Rad1 Nb8 16. Qg4 d5 17. e5 Ba6 18. f4 Qd7 19. Ne3 Bxf1 20. Rxf1 f5 21. Qh3
Na6 22. g4 g6 23. Kh1 Kh8 24. Rf3 Bb4 25. gxf5 gxf5 26. Bxb4 Nxb4 27. Rg3 Rg8
28. a3 Nc6 29. Qh6 Qf7 30. Ng2 Rxg3 31. hxg3 Rg8 32. Kh2 Qg6 33. Qh4 Qg7 34.
Ne1 Qe7 35. Qh5 Qe8 36. Qh4 Qe7 37. Qh5 Qe8 1/2-1/2

[Event "Mindsports Masters IM B 2nd"]
[Site "London"]
[Date "2023.02.19"]
[Round "9.2"]
[White "Vardaan, Nagpal"]
[Black "Large, Peter G"]
[Result "1-0"]
[WhiteElo "2331"]
[BlackElo "2251"]
[PlyCount "83"]
[EventDate "2023.02.15"]
[EventType "tourn"]
[EventRounds "9"]
[EventCountry "ENG"]

1. d4 e6 2. c4 Nf6 3. Nc3 Bb4 4. e3 O-O 5. Bd2 b6 6. Nf3 Bb7 7. Bd3 d6 8. Qc2
Nbd7 9. a3 Bxc3 10. Bxc3 Re8 11. e4 e5 12. d5 c6 13. Nd2 Rc8 14. O-O Nh5 15.
Rfc1 Ndf6 16. Bf1 Rc7 17. g3 Qc8 18. f3 h6 19. Qd1 g6 20. Be2 Qh3 21. Nf1 c5
22. b4 Kh7 23. Ne3 Ng7 24. Bf1 Qc8 25. Qd2 Ng8 26. Bd3 Qd8 27. Rf1 Bc8 28. Bb2
Qg5 29. Qf2 Nh5 30. Kh1 Bh3 31. Rg1 Rce7 32. Rae1 Rc7 33. Nd1 f5 34. exf5 Bxf5
35. Bxf5 gxf5 36. f4 Qg6 37. fxe5 dxe5 38. Rxe5 Rxe5 39. Bxe5 Re7 40. Re1 Qg4
41. bxc5 bxc5 42. Nb2 1-0

[Event "Mindsports Masters IM B 2nd"]
[Site "London"]
[Date "2023.02.19"]
[Round "9.4"]
[White "Buckley, Graeme N"]
[Black "Lalic, Peter D"]
[Result "1-0"]
[WhiteElo "2344"]
[BlackElo "2195"]
[PlyCount "120"]
[EventDate "2023.02.15"]
[EventType "tourn"]
[EventRounds "9"]
[EventCountry "ENG"]

1. e4 Nc6 2. Nf3 e5 3. Bb5 f5 4. Nc3 fxe4 5. Nxe4 d5 6. Nxe5 dxe4 7. Nxc6 Qd5
8. c4 Qd6 9. Qh5+ g6 10. Qe5+ Qxe5 11. Nxe5+ c6 12. Ba4 Bg7 13. d4 exd3 14. Bf4
Nf6 15. Nxd3 Bf5 16. O-O-O O-O-O 17. Bc2 Ng4 18. Rhe1 Rhe8 19. Rxe8 Rxe8 20. f3
Ne3 21. Re1 Bd4 22. g4 Bxd3 23. Bxd3 Bxb2+ 24. Kb1 Bd4 25. h4 Kd7 26. h5 Re6
27. hxg6 hxg6 28. Bg5 c5 29. Re2 Ke8 30. Kc1 Kf7 31. Rh2 Kg7 32. Kd2 b5 33.
cxb5 c4 34. Be2 Bb6 35. Bh6+ Kf6 36. Bf4 Nd5 37. Bg3 Ba5+ 38. Kc1 Re3 39. Bxc4
Nb4 40. Kb2 Bb6 41. Rd2 Rxf3 42. Bd6 Ba5 43. Bc5 Rf4 44. Kb3 Rf3+ 45. Ka4 Nxa2
46. Rxa2 Bb6 47. Bxb6 axb6 48. Kb4 Kg5 49. Re2 Rf8 50. Re6 Rb8 51. Be2 Rb7 52.
Rd6 Rb8 53. Bd1 Rb7 54. Rc6 Rb8 55. Kc4 Rd8 56. Bc2 Kxg4 57. Rxg6+ Kf4 58. Rxb6
Ke5 59. Bb3 Rd4+ 60. Kc5 Rd3 1-0

[Event "Mindsports Masters IM B 2nd"]
[Site "London"]
[Date "2023.02.19"]
[Round "9.5"]
[White "Li, Vladimir"]
[Black "Gourlay, Iain"]
[Result "1/2-1/2"]
[WhiteElo "2288"]
[BlackElo "2295"]
[PlyCount "45"]
[EventDate "2023.02.15"]
[EventType "tourn"]
[EventRounds "9"]
[EventCountry "ENG"]

1. e4 c6 2. d4 d5 3. exd5 cxd5 4. Bd3 Nc6 5. c3 Nf6 6. h3 e5 7. dxe5 Nxe5 8.
Nf3 Nxd3+ 9. Qxd3 Bd6 10. O-O O-O 11. Bg5 h6 12. Bh4 Re8 13. Nbd2 Bd7 14. Rae1
Bf4 15. Qd4 g5 16. Bg3 Nh5 17. Bxf4 Nxf4 18. Kh1 Qb6 19. Nb3 Bb5 20. Rxe8+ Rxe8
21. Re1 Rxe1+ 22. Nxe1 Qe6 23. Qe3 1/2-1/2

[Event "Mindsports Masters FIDE 2nd"]
[Site "London"]
[Date "2023.02.15"]
[Round "1.1"]
[White "Badacsonyi, Frankie"]
[Black "Badacsonyi, Stanley"]
[Result "1/2-1/2"]
[WhiteElo "1977"]
[BlackElo "1935"]
[PlyCount "29"]
[EventDate "2023.02.15"]
[EventType "tourn"]
[EventRounds "9"]
[EventCountry "ENG"]

1. e4 d6 2. d4 Nf6 3. Nc3 e5 4. dxe5 dxe5 5. Qxd8+ Kxd8 6. Bg5 Be6 7. O-O-O+
Nbd7 8. Bb5 c6 9. Ba4 Kc7 10. Bb3 Bxb3 11. axb3 Bb4 12. f3 Rad8 13. Nge2 h6 14.
Be3 Bc5 15. Bxc5 1/2-1/2

[Event "Mindsports Masters FIDE 2nd"]
[Site "London"]
[Date "2023.02.15"]
[Round "1.2"]
[White "Taylor, William J"]
[Black "Bathula, Abhinav Reddy"]
[Result "0-1"]
[WhiteElo "1946"]
[BlackElo "1777"]
[PlyCount "94"]
[EventDate "2023.02.15"]
[EventType "tourn"]
[EventRounds "9"]
[EventCountry "ENG"]

1. e4 c5 2. Nf3 d6 3. Bb5+ Nd7 4. c3 Ngf6 5. Qe2 a6 6. Ba4 b5 7. Bc2 Bb7 8. d4
e5 9. d5 g6 10. O-O Bg7 11. a4 O-O 12. axb5 axb5 13. Rxa8 Qxa8 14. Na3 b4 15.
Nc4 Ba6 16. Bd3 Bxc4 17. Bxc4 bxc3 18. bxc3 Qa5 19. Bb2 Rb8 20. Ra1 Qb6 21. Bc1
h6 22. Qc2 Qc7 23. Nd2 h5 24. Nb3 Nb6 25. Bf1 c4 26. Na5 Ra8 27. Qb1 Kh7 28.
Bd2 Bh6 29. Bxh6 Kxh6 30. Qe1 Kg7 31. h3 h4 32. Kh2 Qc5 33. Nb7 Rxa1 34. Qxa1
Qxf2 35. Nxd6 Qf4+ 36. Kh1 Nxe4 37. Nxe4 Qxe4 38. d6 Qd5 39. Qa6 Qxd6 40. Bxc4
e4 41. Be2 Qc5 42. c4 Qd4 43. Qb5 Nd7 44. Kh2 Nc5 45. Qb6 e3 46. Qc7 Ne6 47.
Qe7 Qf4+ 0-1

[Event "Mindsports Masters FIDE 2nd"]
[Site "London"]
[Date "2023.02.15"]
[Round "1.3"]
[White "Keohane, Ben"]
[Black "Sivanandan, Bodhana"]
[Result "1-0"]
[WhiteElo "1967"]
[BlackElo "1725"]
[PlyCount "125"]
[EventDate "2023.02.15"]
[EventType "tourn"]
[EventRounds "9"]
[EventCountry "ENG"]

1. e4 c6 2. d4 d5 3. Nc3 dxe4 4. Bc4 Nf6 5. f3 exf3 6. Nxf3 Bf5 7. O-O e6 8.
Ng5 Bg6 9. Qe2 Be7 10. Kh1 Nd5 11. Nce4 O-O 12. h4 h6 13. h5 Bxe4 14. Nxe4 Nf6
15. Nxf6+ Bxf6 16. c3 Bg5 17. Rxf7 Rxf7 18. Qxe6 Qd7 19. Bxg5 hxg5 20. Rf1 Qxe6
21. Bxe6 Na6 22. Rxf7 Re8 23. Bc4 b5 24. Bb3 Kh7 25. Rxa7 Nb8 26. Bc2+ Kh6 27.
Bg6 Rf8 28. Kg1 g4 29. g3 Rf3 30. Kg2 Re3 31. Rb7 Na6 32. Rb6 Nc7 33. Rxc6 Nd5
34. Bd3+ Nf6 35. Bxb5 Kxh5 36. Rc5+ Kh6 37. Re5 Ne4 38. Kh2 g5 39. a4 Re1 40.
Bd3 Nd2 41. Rxe1 Nf3+ 42. Kh1 Nxe1 43. Be4 Nf3 44. a5 Nd2 45. Bd5 Nf1 46. a6
Nxg3+ 47. Kg2 Ne2 48. a7 Nf4+ 49. Kg3 Nxd5 50. a8=Q Nf6 51. b4 Kg6 52. b5 Kf5
53. Qc8+ Kg6 54. b6 Nh5+ 55. Kxg4 Nf6+ 56. Kg3 Nh5+ 57. Kf2 Nf6 58. b7 g4 59.
b8=Q Kg5 60. Qe5+ Kg6 61. Qcf5+ Kg7 62. Qfxf6+ Kg8 63. Qg7# 1-0

[Event "Mindsports Masters FIDE 2nd"]
[Site "London"]
[Date "2023.02.15"]
[Round "1.4"]
[White "Bharat Kumar, Balahari"]
[Black "Brixel, Christof"]
[Result "0-1"]
[WhiteElo "1888"]
[BlackElo "1916"]
[PlyCount "124"]
[EventDate "2023.02.15"]
[EventType "tourn"]
[EventRounds "9"]
[EventCountry "ENG"]

1. d4 Nf6 2. c4 e6 3. Nf3 d5 4. Nc3 Bb4 5. Bg5 h6 6. Bxf6 Qxf6 7. e3 O-O 8. Bd3
dxc4 9. Bxc4 c5 10. Qc2 cxd4 11. Nxd4 a6 12. a4 Bd7 13. O-O Nc6 14. Nde2 Ne5
15. Ba2 Rac8 16. Bb1 g6 17. Qb3 Qe7 18. Be4 Rc7 19. Rac1 Rfc8 20. Na2 Bc5 21.
g3 Bc6 22. Bxc6 Rxc6 23. f4 Ng4 24. Nd4 Bxd4 25. exd4 Qd7 26. Qd3 Rxc1 27. Rxc1
Rxc1+ 28. Nxc1 Qxa4 29. Qc3 Nf6 30. b3 Qb5 31. Nd3 Qd5 32. Ne5 Ne4 33. Qb4 Nd6
34. Qc5 Nf5 35. Qxd5 exd5 36. Nf3 h5 37. Kf2 f6 38. Ke2 Kf7 39. Kd3 Ke6 40. Kc3
Ne7 41. Kd3 Kf5 42. h3 g5 43. fxg5 fxg5 44. Ne5 Nc6 45. Nd7 h4 46. gxh4 gxh4
47. Ke3 Nb4 48. Nc5 b5 49. Kf3 Nc2 50. Nxa6 Nxd4+ 51. Kf2 Ke4 52. Nc5+ Kf5 53.
Ke3 Ne6 54. Nd3 d4+ 55. Kd2 Ke4 56. b4 Nf4 57. Ne1 d3 58. Kc1 Ke3 59. Kd1 Kf2
60. Kd2 Kg3 61. Kc3 Kxh3 62. Kd2 Kg3 0-1

[Event "Mindsports Masters FIDE 2nd"]
[Site "London"]
[Date "2023.02.15"]
[Round "1.5"]
[White "Watson, Jacob"]
[Black "Kumar, Soham"]
[Result "0-1"]
[WhiteElo "1889"]
[BlackElo "1850"]
[PlyCount "92"]
[EventDate "2023.02.15"]
[EventType "tourn"]
[EventRounds "9"]
[EventCountry "ENG"]

1. d4 Nf6 2. Nf3 g6 3. Bf4 Bg7 4. e3 b6 5. c4 Bb7 6. Nc3 d6 7. h3 Nbd7 8. Qc2
O-O 9. O-O-O a6 10. h4 h5 11. Bd3 Qe8 12. Ng5 e5 13. Bg3 Bxg2 14. Rhg1 Bb7 15.
d5 Nc5 16. Be2 Rc8 17. b4 Ncd7 18. Bd3 Kh8 19. f3 c6 20. dxc6 Bxc6 21. Bxg6
fxg6 22. Rxd6 Qe7 23. Re6 Qxb4 24. Be1 Nc5 25. Qxg6 Be8 26. Rxe8 Rcxe8 27. Nge4
Re7 28. Nxf6 Rxf6 29. Qxh5+ Rh6 30. Qg4 Nd3+ 31. Kd2 e4 32. Qc8+ Kh7 33. Qf5+
Kg8 34. Qc8+ Kf7 35. Qf5+ Rf6 36. Qd5+ Kf8 37. fxe4 Ne5 38. Kc2 Qxc4 39. Qa8+
Re8 40. Qa7 Qd3+ 41. Kb3 Nd7 42. Rg2 Rc6 43. Rf2+ Kg8 44. Rc2 Nc5+ 45. Kb2 Na4+
46. Kc1 Nxc3 0-1

[Event "Mindsports Masters FIDE 2nd"]
[Site "London"]
[Date "2023.02.16"]
[Round "2.1"]
[White "Badacsonyi, Stanley"]
[Black "Kumar, Soham"]
[Result "1-0"]
[WhiteElo "1935"]
[BlackElo "1850"]
[PlyCount "95"]
[EventDate "2023.02.15"]
[EventType "tourn"]
[EventRounds "9"]
[EventCountry "ENG"]

1. d4 Nf6 2. Nc3 d5 3. Bf4 c5 4. e4 Nxe4 5. Nxe4 dxe4 6. dxc5 Qa5+ 7. c3 Qxc5
8. Qa4+ Nc6 9. Qxe4 Bf5 10. Qe3 Qxe3+ 11. Bxe3 O-O-O 12. Nf3 f6 13. Nd4 Nxd4
14. Bxd4 Kb8 15. O-O-O Rc8 16. Bd3 Bxd3 17. Rxd3 e5 18. Be3 Bc5 19. Bxc5 Rxc5
20. Rhd1 Rhc8 21. Rh3 h6 22. Rg3 g5 23. Rh3 Rh8 24. Rhd3 Rhc8 25. Rd6 R5c6 26.
Rxc6 Rxc6 27. Rd8+ Rc8 28. Rd6 Rc6 29. Rxc6 bxc6 30. g4 Kc7 31. Kd2 Kd6 32. Kd3
Kd5 33. f3 c5 34. b4 c4+ 35. Ke3 a6 36. a4 Kc6 37. Ke4 Kd6 38. Kf5 Kd5 39. Kxf6
e4 40. fxe4+ Kxe4 41. Ke6 Kd3 42. b5 axb5 43. axb5 Kxc3 44. b6 Kd2 45. b7 c3
46. b8=Q c2 47. Qb2 Kd1 48. Kf6 1-0

[Event "Mindsports Masters FIDE 2nd"]
[Site "London"]
[Date "2023.02.16"]
[Round "2.2"]
[White "Brixel, Christof"]
[Black "Watson, Jacob"]
[Result "0-1"]
[WhiteElo "1916"]
[BlackElo "1889"]
[PlyCount "82"]
[EventDate "2023.02.15"]
[EventType "tourn"]
[EventRounds "9"]
[EventCountry "ENG"]

1. e4 c5 2. Be2 Nc6 3. f4 e6 4. Nf3 d5 5. d3 Nf6 6. e5 Nd7 7. c4 Be7 8. O-O O-O
9. Nc3 Nb6 10. Bd2 Nd4 11. Be1 Bd7 12. cxd5 exd5 13. Bf2 Nxe2+ 14. Qxe2 Bf5 15.
Rfd1 d4 16. Ne4 Nd5 17. Ng3 Qd7 18. Nxf5 Qxf5 19. g3 Rfd8 20. a3 Rac8 21. Nd2
b5 22. Qe4 Qxe4 23. Nxe4 f5 24. exf6 gxf6 25. f5 Kf7 26. Kg2 Nb6 27. Rac1 Rd5
28. g4 Rcd8 29. b3 Nd7 30. Bg3 Ne5 31. Bxe5 Rxe5 32. Kf3 a5 33. Rc2 Ra8 34. Rb1
a4 35. bxa4 Rxa4 36. Rxb5 Rxa3 37. Nxc5 Rc3 38. Rxc3 dxc3 39. d4 c2 40. dxe5
c1=Q 41. e6+ Kg7 0-1